MDQL
is popping MORE tags! Check the
thread
!
Quizzes
Events
Quiz Creation
Community
Videos
Private Events
Remove Ads
Sign In
Join for FREE
Feedback
Dark Mode
Quiz Categories
Sports
Geography
Music
Movies
Television
Just For Fun
Miscellaneous
History
Literature
Language
Science
Gaming
Entertainment
Religion
Holiday
For Kids
Quiz Lab
Recent
Popular Today
Quiz Kudos Today
Editor Picks
Curator Picks
Quizzes by...
Day
Popularity
Type
Ratings
Length
Year
Community
Subscriptions
Recent Discussions
Orange Saloon
Badges
Playlists
Quests
Create
Leaderboards
Showdown
Live 5
Trivia Bingo
Activity
Puzzle Library
Sporcle Events
Private Events
Virtual Trivia
Globe League
Become a Host
Pub Owners
SporcleCon
Opinionation
Our Games
Videos
Blog
Mobile Apps
Partnerships
Remove Ads and Go Orange
Feedback
Gaming
Video Games
Board Games
Card Games
Pokémon
Mario
Nintendo
Minecraft
Console
Toys
Legend of Zelda
Gaming
Video Games
Board Games
Card Games
Pokémon
Mario
Nintendo
Minecraft
Console
Toys
Legend of Zelda
Random Quiz
Search Sporcle
×
Quiz Lab
Quiz Lab
Gaming
Mortal Kombat
Type in answers that appear in a list
Type in answers that appear in a list
Classic
Best Score? Go Orange.
Mortal Kombat Ninjas Stats
Can you name the Mortal Kombat Ninjas?
By
mkboss123
7m
14 Questions
439 Plays
439 Plays
439 Plays
Comments
Comments
Give Quiz Kudos
Give Quiz Kudos
-
- Ratings
hide this ad
Replay
Link that replays current quiz
Next Quiz
Link to next quiz in quiz playlist
You Got
0%
They Got
Avg Score
74%
Avg Friend Score
Upgrade to see
Score Distribution
Jump to the score distribution portion of the page
Score
0/14
Timer
07:00
0
Plays Today
color
ninja
% Correct
blue
subzero
98.9%
yellow
scorpion
97.7%
green
reptile
96.8%
gray
smoke
92.9%
black
noob
92.7%
purple
rain
91.1%
red
ermac
88.2%
color
ninja
% Correct
yellow
cyrax
77.9%
red
sektor
77.7%
blue
kitana
61.3%
green
jade
60.1%
BONUS
goro
36.2%
BONUS
sheeva
35.3%
BONUS
kintaro
34.6%
Quiz Playlist
Details
Report
Send in Message
Add To Playlist
Classic:
Type in answers that appear in a list
Last Updated: Apr 25, 2017
Quiz Scoreboard
CHALLENGE
Sign Up to Join the Scoreboard
Show All
Scores
Hide
Comments
May contain spoilers
Recently Published
Find the 'City' Movie
by crazypaving
Movies
60s
5x2 Blitz: Bands
by SL_Kpop136
Music
30s
Colored Red Africa Blitz
by spor1
Geography
30s
More to Explore
Quiz From the Vault
Featured Blog Post
14 Easter Pick-up Lines to Find Eggs With
hide this ad
You Might Also Like...
Tags
mortal
Mortal Kombat
ninja
Today's Top Quizzes in Gaming
Browse Gaming
hide this ad
Today's Top Quizzes in Mortal Kombat
Browse Mortal Kombat
Top Contributed Quizzes in Gaming
1
League of Legends Pro Players by Career/Team History
2
Genshin murder mystery
3
Destiny 2 exotic weapons by perk icons
4
Dead By Daylight Logic Puzzle
5
Genshin Impact Logic Puzzle
6
Valorant Agent Developer Names (Up to Clove)
7
Overwatch 2: Ultimate Ability Icons
8
Who's on the WWE 2K24 Cover?
9
Genshin Impact Logic Puzzle Quiz II
10
4x4 Decades: Video Games
Explore More
Trending Topics
NBA
Crossword
Harry Potter
Anime
Marvel
Kpop
Disney
Puzzle
Soccer
The Office
Song
Pokémon
NFL
WWE
Country
hide this ad
More By:
mkboss123
Quiz
Plays
Rating
Category
Featured
Created
Mortal Kombat Ninjas
439
2.00
Gaming
Jun 15, 2012
Ultimate MK3 Characters
242
3.20
Gaming
May 21, 2012
LOZ Skyward Sword Bosses
190
2.00
Gaming
May 22, 2012
Go to Creator's Profile
Score Distribution
Quiz Creator Spotlight
mkboss123
Follow
Send a Message
Quizzes Created
-
Created Quiz Play Count
-
More By This Creator
Popular Quizzes Today
1
Colored Red Africa Blitz
2
Find the 'City' Movie
3
Find the US States - No Outlines Minefield
4
5x2 Blitz: Bands
5
The Countries of the World
6
Find the US States
7
US States
8
Find the Countries of Europe - No Outlines Minefield
More Gaming Quizzes
Spyro the Dragon 1: Levels by Homeworld
Quiz Lab
Trending Quizzes
Colored Red Europe Blitz I
Colored Red Europe Blitz II
Colored Red Africa Blitz II
Colored Red Europe Blitz III
Colored Red Africa Blitz III
Recently Updated
How Do You Spell That?
pecheneg
Godzilla Movies
pecheneg
Grab Bag: 4-10 Letters
pecheneg
2024 March Madness Bracket
pecheneg
Famous TV Couples
Peacemaker
Champions League XIs: Real Madrid
pecheneg
Largest US Cities 1790-2010
pecheneg
Rides in Walt Disney World
pecheneg
Most Oscar Losses (Acting)
pecheneg
Beyoncé Albums
pecheneg
Trending Topics
Anime
NBA
Kpop
Crossword
Disney
Harry Potter
Marvel
Puzzle
WWE
Soccer
Pokémon
NFL
Country
Song
The Office
Your Account Isn't Verified!
In order to create a playlist on Sporcle, you need to verify the email address you used during registration. Go to your
Sporcle Settings
to finish the process.
Report this User
Report this user for behavior that violates our
Community Guidelines
.
Details:
Send Report
Go to the Sporcle.com Mobile Site →
Comments